Electronic circuits, discrete and integrated (Record no. 4690)
[ view plain ]
| 000 -LEADER | |
|---|---|
| fixed length control field | 00443 a2200157 4500 |
| 020 ## - INTERNATIONAL STANDARD BOOK NUMBER | |
| International Standard Book Number | 0070528985 |
| 040 ## - CATALOGING SOURCE | |
| Original cataloging agency | DLC |
| Language of cataloging | DLC |
| 100 ## - MAIN ENTRY--PERSONAL NAME | |
| Personal name | Schilling, Donald L. |
| 245 10 - TITLE STATEMENT | |
| Title | Electronic circuits, discrete and integrated |
| Statement of responsibility, etc. | Donald L. Schilling ... [et al.] |
| 250 ## - EDITION STATEMENT | |
| Edition statement | 3rd ed. |
| 260 ## - PUBLICATION, DISTRIBUTION, ETC. | |
| Place of publication, distribution, etc. | New York : |
| Name of publisher, distributor, etc. | McGraw-Hill, |
| Date of publication, distribution, etc. | 1989. |
| 300 ## - PHYSICAL DESCRIPTION | |
| Extent | 936 p. |
| 650 #0 - SUBJECT ADDED ENTRY--TOPICAL TERM | |
| Topical term or geographic name entry element | Electronic circuits. |
| 700 11 - ADDED ENTRY--PERSONAL NAME | |
| Personal name | Schilling, Donald L. |
| 942 ## - ADDED ENTRY ELEMENTS (KOHA) | |
| Koha item type | Book |
| Call number prefix | 621.3817 SCH |
| Source of classification or shelving scheme | |
| Withdrawn status | Lost status | Damaged status | Not for loan | Collection code | Permanent Location | Current Location | Shelving location | Date acquired | Source of acquisition | Cost, normal purchase price | Total Checkouts | Full call number | Barcode | Date last seen | Price effective from | Koha item type |
|---|---|---|---|---|---|---|---|---|---|---|---|---|---|---|---|---|
| Central Library (CL) | Central Library (CL) | General Stacks | 09/27/2006 | Allied Book Company | 543.37 | 621.3817 SCH | SEECS007562 | 11/14/2012 | 01/05/2017 | Book | ||||||
| Central Library (CL) | Central Library (CL) | General Stacks | 09/27/2006 | Allied Book Company | 543.37 | 621.3817 SCH | SEECS007564 | 11/14/2012 | 01/05/2017 | Book | ||||||
| Central Library (CL) | Central Library (CL) | General Stacks | 09/27/2006 | Allied Book Company | 543.37 | 621.3817 SCH | SEECS007563 | 11/14/2012 | 01/05/2017 | Book | ||||||
| Central Library (CL) | Central Library (CL) | General Stacks | 09/27/2006 | Allied Book Company | 543.37 | 621.3817 SCH | SEECS007565 | 11/14/2012 | 01/05/2017 | Book | ||||||
| Central Library (CL) | Central Library (CL) | General Stacks | 09/27/2006 | Allied Book Company | 543.37 | 621.3817 SCH | SEECS007566 | 11/14/2012 | 01/05/2017 | Book | ||||||
| Central Library (CL) | Central Library (CL) | General Stacks | 09/27/2005 | Saeed Book Bank | 551.00 | 621.3817 SCH | SEECS006484 | 11/14/2012 | 01/05/2017 | Book | ||||||
| Central Library (CL) | Central Library (CL) | General Stacks | 10/03/2005 | Saeed Book Bank | 551.00 | 621.3817 SCH | SEECS006492 | 11/14/2012 | 01/05/2017 | Book | ||||||
| Central Library (CL) | Central Library (CL) | General Stacks | 10/03/2005 | Saeed Book Bank | 551.00 | 621.3817 SCH | SEECS006491 | 11/14/2012 | 01/05/2017 | Book |
